000 00450nam a2200193Ia 4500
005 20240823021650.0
008 240823s9999||||xx |||||||||||||| ||und||
020 _a81-7224-134-8
041 _aENGLISH
082 _A823 P6
100 _a"Gibran,Kahill"
245 4 _aThe Greatest Works of Kahlil Gibran
250 _a1st
260 _c2006
_b"Jaico,B"
_aMumbai
500 _aYES
650 _aNovel
_bEnglish
942 _cBK
999 _c177491
_d177491